|
|
|
|
| LEADER |
00670nam a2200181 a 4500 |
| 001 |
000653833 |
| 003 |
CZ BrMZK |
| 005 |
20061007204527.0 |
| 008 |
030216s1968 xr f cze d |
| 040 |
|
|
|a BOA001
|b cze
|c BOA001
|
| 080 |
|
|
|a 528.021.6/.7
|2 MRF
|
| 100 |
1 |
|
|a Nevosád, Zdeněk,
|d 1928-2014
|7 jo20010083006
|4 aut
|
| 245 |
1 |
0 |
|a Tabulky a nomogramy k redukci délek měřených rádiovými dálkoměry /
|c Zdeněk Nevosád
|
| 260 |
|
|
|a Brno :
|b Vojenská akademie Antonína Zápotockého,
|c 1968
|
| 300 |
|
|
|a 9 s., 2 příl.
|
| 910 |
|
|
|a BOA001
|b TK-A-0146.317
|
| 990 |
|
|
|a BK
|
| 996 |
7 |
|
|b 2629944948
|c TK-A-0146.317
|l MZK
|r Sklad / do 24 hodin
|n 0
|w 000653833
|u 000010
|a 1
|e BOA001
|j MZK50
|s A
|